Enfrentando momentos de adversidad Casos empresariales colombianos /

Bibliographic Details
Main Author: Rivera-Rodrg̕uez, Hugo Alberto
Format: eBook
Language:Spanish
Published: Bogot:̀ Universidad del Rosario, 2022
Subjects:
Online Access:Acceso restringido

MARC

LEADER 00000nam a22000007a 4500
005 20220825232841.0
007 cr|||| ||||
008 220825s2022 co |||||s|||| 00||0 spa d
020 |a 978-958-784-874-8 
035 |a 36963 
040 |a vLex 
090 |c 13851  |d 13851 
100 1 |a Rivera-Rodrg̕uez, Hugo Alberto 
245 1 0 |a Enfrentando momentos de adversidad  |h [Recurso electrn̤ico] :  |b Casos empresariales colombianos /  |c Hugo Alberto Rivera-Rodrg̕uez 
256 |a Servicio en ln̕ea 
260 |a Bogot:̀  |b Universidad del Rosario,  |c 2022 
300 |a 1 recurso electrn̤ico 
506 1 |a Disponible solo en los productos indicados  |d vLex Global  |d vLex Global (Academic Edition, excluding Law Schools)  |d vLex Global (U.S. Academic Edition, Law Schools)  |d vLex Global (U.S. Academic Edition, excluding Law Schools)  |d vLex Global (Academic Edition, Law Schools) 
650 0 4 |a Derecho Mercantil y de la Empresa  |z Colombia 
740 0 |a vLex Libros (Servicio en ln̕ea) 
856 4 0 |u https://app.vlex.com/#/sources/36963  |z Acceso restringido 
942 |c BOOK 
999 0 |a Commercial and Company Law